Príspevok k výskumu vodných turbín a príslušenstva pre malé vodné elektrárne : Dokt.diz.práca : V.odb. 39-21-9 : Obh. 29.09.1988 /

Enregistré dans:
Détails bibliographiques
Auteur principal: Hossúréty, Zoltán (Auteur)
Format: Manuscrit Livre
Publié: Košice : B.n, 1986
Sujets:
Tags: Ajouter un tag
Pas de tags, Soyez le premier à ajouter un tag!

MARC

LEADER 00000ntm a22000003a 4500
001 stu4368
005 20160916114618.2
008 ------s1986----------------------------d
040 |a STU  |b slo 
100 1 |a Hossúréty, Zoltán  |4 aut 
245 1 |a Príspevok k výskumu vodných turbín a príslušenstva pre malé vodné elektrárne :  |b Dokt.diz.práca : V.odb. 39-21-9 : Obh. 29.09.1988 /  |c [aut.] Hossúréty,Zoltán, Prof.Ing.CSc 
260 |a Košice :  |b B.n,  |c 1986 
300 |a 235 s :  |b Príloha  
650 7 |a hydroelektrické zariadenia  |2 stusub 
650 7 |a malé vodné elektrárne  |2 stusub 
650 7 |a regulácia tlaku škrtenia  |2 stusub 
650 7 |a optimalizácia prevádzkových režimov vodných diel  |2 stusub 
996 |b 284ED00357  |c E*DDIZ-575  |l EE01  |s A  |a 24  |w stu4368_0001